Využívanie internetu v marketingovej komunikácii verejných knižníc
Využitie internetu v knižniciach. Súťaž Top WebLib na Slovensku a jej význam. Elektronické informačné služby. Komunikačná schéma digitálnej knižnice.
Saved in:
| Main Author: | |
|---|---|
| Format: | Book Chapter |
| Language: | Slovak |
| Subjects: | |
| Tags: |
No Tags, Be the first to tag this record!
|
MARC
| LEADER | 00000naa$a2200000$$$4500 | ||
|---|---|---|---|
| 001 | 0090455 | ||
| 005 | 20240502072018.3 | ||
| 041 | 0 | |a slo | |
| 044 | |a SK | ||
| 245 | 1 | 0 | |a Využívanie internetu v marketingovej komunikácii verejných knižníc |c Miroslava Loydlová |
| 520 | |a Využitie internetu v knižniciach. Súťaž Top WebLib na Slovensku a jej význam. Elektronické informačné služby. Komunikačná schéma digitálnej knižnice. | ||
| 610 | 2 | 0 | |a knižnice |
| 610 | 2 | 0 | |a služby informačné |
| 610 | 2 | 0 | |a elektronizácia |
| 610 | 2 | 0 | |a internet |
| 610 | 2 | 0 | |a digitalizácia |
| 100 | 1 | |a Loydlová, Miroslava | |